| 000 | 00531nam a22001937a 4500 | ||
|---|---|---|---|
| 003 | OSt | ||
| 005 | 20230621064915.0 | ||
| 008 | 230621b |||||||| |||| 00| 0 eng d | ||
| 020 | _a9780886293352 | ||
| 040 | _cNIRUC | ||
| 050 |
_aHD 38.7 _b.P68 1998 |
||
| 100 | _aPotter, Evan H. | ||
| 245 | _aEconomic Intelligence and National Security | ||
| 260 |
_aOntario _bCarleton university press _c1998 |
||
| 300 | _a217 p. : ill. | ||
| 650 |
_aNational security _xEconomic aspects |
||
| 650 | _aBusiness intelligence | ||
| 942 |
_2lcc _cBK _n0 |
||
| 999 |
_c93 _d93 |
||